02193naa a2200253 a 450000100080000000500110000800800410001910000230006024500950008326000090017852014540018765300210164165300220166265300220168465300220170665300150172865300110174370000190175470000190177370000200179270000190181270000270183177300810185810700522010-05-24 2010 bl uuuu u00u1 u #d1 aCOUTINHO, O. de L. aDesenvolvimento de protocolo para microenxertia do tomateiro Lycopersicon esculentum Mill. c2010 aA murcha bacteriana, causada por Ralstonia solanacearum, ?? a principal doen??a vascular de plantas em todo o mundo. O agente causal ?? uma bact??ria que ocorre em todas as regi??es do Brasil, predominando em condi????es de umidade e temperatura elevadas, fatores prop??cios ao desenvolvimento do pat??geno. Este agente causal ?? de dif??cil controle, pois sobrevive nos mais diversos hospedeiros, especialmente Solanaceas, al??m de outras fam??lias de import??ncia alimentar, condimentar e medicinal. O uso de esp??cies do g??nero Solanum na enxertia convencional e minienxertia em tomateiro Lycopersicon esculentum ?? limitada em fun????o da incompatibilidade. Neste trabalho, utilizou-se o m??todo da microenxertia para obten????o de plantas resistentes a doen??as como a murcha bacteriana, tendo como cavalo a esp??cie Solanum palinacanthum Dun. Utilizaram-se dois m??todos de microenxertia: convencional em T-invertido e corte em bisel. Foram testados meios de culturas para execu????o das duas pr??ticas de micropropaga????o; para isso, realizou-se experimento em diferentes condi????es ambientais, com presen??a e aus??ncia de luminosidade e diferentes tratamentos correspondentes a teores de a????cares e sais, submetidos a cinco avalia????es com intervalos semanais. Melhor resultado foi encontrado quando se utilizou microenxertia em T-invertido e meio de cultura constitu??do de sais de MS1/8 de for??a acrescido de 30 g L-?? de sacarose. aCultura in vitro aDoen??a de planta aMicropropaga????o aMurcha bacteriana aSolanaceae aTomate1 aREGO, M. M. do1 aREGO, E. R. do1 aKITAMURA, M. C.1 aMARQUES, L. F.1 aFARIAS FILHO, L. de P. tActa Scientiarum: Agronomy, Maring??gv. 32, n. 1, p. 87-92, jan./mar. 2010.